Inevitable revolutions. The United States in Central America
Guardat en:
| Autor principal: | |
|---|---|
| Format: | Text |
| Publicat: |
New York:
Norton & Company
|
| Etiquetes: |
Afegir etiqueta
Sense etiquetes, Sigues el primer a etiquetar aquest registre!
|
MARC
| LEADER | 00000 a a2200000 04500 | ||
|---|---|---|---|
| 001 | 22408 | ||
| 003 | |||
| 040 | |||
| 020 | |a 0-393-30212-1 | ||
| 090 | |a 152800 | ||
| 100 | |a Lafeber, Walter | ||
| 245 | |a Inevitable revolutions. The United States in Central America | ||
| 260 | |a New York: |b Norton & Company | ||
| 300 | |a 378 p | ||
| 999 | |c 16647 |d 16647 | ||



